000 00676nam a2200253Ia 4500
005 20260121161236.0
008 008 260114s9999 xx 000 0 eng d
020 _a9781003230342
037 _aEBOOK
040 _aCRL
040 _beng
040 _cCRL
041 _2eng
041 _aeng
084 _qCRL
100 _aAvery McIntosh; Oleksandr Sverdlov
_91041960
245 0 _aDevelopment of Gene Therapies:Strategic, Scientific, Regulatory, and Access Considerations
260 _bTaylor and Francis
260 _c2024
856 _uhttp://www.taylorfrancis.com/books/9781003230342
942 _cEBOOK
999 _c1608776
_d1608776